000 01126nam a22002537a 4500
003 OSt
005 20210324142732.0
008 210324s2012 ck |||gr|||| 00| 0dspa d
020 _a9785986642569
040 _aCO-JMCR
_cCO-JMCR
041 _aspa
082 0 4 _a709.034 /
_bP818g
_223
100 1 _aPontón Castro, Adriana,
_eautora
_97634
245 1 0 _aGitana con pandereta :
_bla Bohémienne au tambour de basque de Jean-Baptiste Camille Corot /
_cAdriana Pontón Castro ; traducción Gabriel Santiago Pontón Castro
260 _aBogotá :
_bBanco de la República,
_c2012
300 _a20 páginas :
_bilustraciones a color ;
_c22 cm
490 0 _aColección de arte
504 _aBibliografía : páginas 22.
520 0 _aEn el año 2000 el artista Fernando Botero donó al Banco de la República una colección de arte que reúne ciento veintitrés obras de su propia autoría y cinco obras de artistas internacionales.
650 1 4 _aTrabajos artísticos
_936486
650 2 4 _aMuseo Botero
_zBogotá (Colombia)
_936487
700 1 _aPontón Castro, Gabriel Santiago,
_etraductor
_936488
942 _2ddc
_cBK
999 _c15480
_d15480